| 000 | nam a22 7a 4500 | ||
|---|---|---|---|
| 999 |
_c127659 _d127659 |
||
| 008 | 180315b xxu||||| |||| 00| 0 eng d | ||
| 050 |
_aBJ1252 _b.Y5 |
||
| 100 |
_aYannaras, Christos _938874 |
||
| 245 |
_aLa liberte de la morale _c/ Christos Yannaras |
||
| 260 |
_aGeneve: _bLabor et fides, _c1982 |
||
| 300 |
_a252p. ; _c21cm. |
||
| 440 |
_aPerspective orthodoxe _n4 _940667 |
||
| 650 |
_aChristian ethics _940759 |
||
| 700 |
_aGiannaras, Christos _940668 |
||
| 700 |
_aTouraille, Jacques tr. _940669 |
||
| 942 |
_2lcc _cMONOGRAPH |
||